000 00323nam a22001337a 4500
003 OSt
008 250212b |||||||| |||| 00| 0 eng d
041 _aeng
082 _a621.9
_bRAG/WO
100 _aRaghuwanshi
_97130
245 _aCourse in Workshop Technology Vol.11
260 _aDelhi:
_bDhanpat Rai & Sons
942 _cBK
999 _c19362
_d19362